|
|
|
|
| LEADER |
01455nam a2200385 a 4500 |
| 001 |
EBC1315455 |
| 003 |
MiAaPQ |
| 005 |
20200520144314.0 |
| 006 |
m o d | |
| 007 |
cr cn||||||||| |
| 008 |
130802s2013 njuao s 001 0 eng d |
| 020 |
|
|
|z 9781118571644
|
| 020 |
|
|
|a 9781118739402 (electronic bk.)
|
| 035 |
|
|
|a (MiAaPQ)EBC1315455
|
| 035 |
|
|
|a (Au-PeEL)EBL1315455
|
| 035 |
|
|
|a (CaPaEBR)ebr10734624
|
| 035 |
|
|
|a (CaONFJC)MIL505104
|
| 035 |
|
|
|a (OCoLC)844790154
|
| 040 |
|
|
|a MiAaPQ
|c MiAaPQ
|d MiAaPQ
|
| 050 |
|
4 |
|a HM1106
|b .W55 2013
|
| 082 |
0 |
4 |
|a 302
|2 23
|
| 100 |
1 |
|
|a Williams, David K.,
|d 1958-
|
| 245 |
1 |
4 |
|a The 7 non-negotiables of winning
|h [electronic resource]
|b tying soft traits into hard results /
|c David K. Williams.
|
| 260 |
|
|
|a Hoboken, N.J. :
|b Wiley,
|c c2013.
|
| 300 |
|
|
|a 1 online resource (xx, 181 p.) :
|b col. ill., photographs.
|
| 500 |
|
|
|a Includes index.
|
| 533 |
|
|
|a Electronic reproduction. Ann Arbor, MI : ProQuest, 2015. Available via World Wide Web. Access may be limited to ProQuest affiliated libraries.
|
| 588 |
|
|
|a Description based on online resource; title from title page (ebrary, viewed August 2, 2013).
|
| 650 |
|
0 |
|a Interpersonal relations.
|
| 650 |
|
0 |
|a Respect.
|
| 650 |
|
0 |
|a Success.
|
| 650 |
|
0 |
|a Employee motivation.
|
| 655 |
|
4 |
|a Electronic books.
|
| 710 |
2 |
|
|a ProQuest (Firm)
|
| 856 |
4 |
0 |
|u https://ebookcentral.proquest.com/lib/matrademy/detail.action?docID=1315455
|z Click to View
|